01512nam a2200277 a 450000100100000000500170001000800410002702000180006804000250008608200210011110000310013224500670016326000450023030000370027550000620031250400280037465100550040265100680045791000370052595201340056295201340069695201340083095201190096495201340108399900170121700003771920240409073644.0121115s2012 dr ac 000 0 spa d a9789945452426 aDO-SdBNPbspacBNPHU a972.93053bF316d1 aFéliz, Victoriano96417710aDe Trujillo a la democracia (1930-2008) /cVictoriano Féliz. aSanto Domingo :bEl Nuevo Diario,c2012. a151 p. :bils., retrs. ;c22 cm. aIncluye datos biográficos del autor en la contraportada aBibliografía : p. 151 4aRepública DominicanaxHistoriay1930-2010964178 4aRepública DominicanaxPolítica Y Gobiernoy1930-2010964179 aValidado. Control de calidad MFF 001054708DSaGRbGRcHDd2012-11-15iLF1l0o972.93053 F316dp37719-30r2020-06-25te. 3w2020-06-25yLFDSZPréstamo en sala 001054708DSaGRbGRcHDd2012-11-15iLF1l0o972.93053 F316dp37719-40r2020-06-25te. 4w2020-06-25yLFDSZPréstamo en sala 001054708DSaGRbGRcHDd2012-11-15iLF1l0o972.93053 F316dp37719-50r2020-06-25te. 5w2020-06-25yLFDSZPréstamo en sala 0010718PDaPDbPDcHDd2012-11-15iLF1l0o972.93053 F316dp37719-10r2020-06-25w2020-06-25yLFPDZNo se presta 001054728PDaPDbPDcHDd2012-11-15iLF1l0o972.93053 F316dp37719-20r2020-06-25te. 2w2020-06-25yLFPDZPréstamo en sala c37209d37209